00532 2200193 4500001002100000005001500021035002000036008004100056245009600097100001800193250000600211260003200217300001200249020001800261084001600279082000800295650001600303990001900319INLIS00000000000321620240813083912 a0010-0724003216240813 0 ind 1 aEnsiklomini YA, Aku Tahu! Dalam Gelap Misterius :bDalam Gelap Misterius /cDelta Pamungkas aHaldha, Ulfah a1 aKlaten :bCV Sahabat,c2008 a68 hlm. a979-9327-23-7 a069 ULF e.1 a069 4aEnsiklopedi aP29/CP/24/3216